| 000 | 01060nam a2200265 i 4500 | ||
|---|---|---|---|
| 001 | 190574 | ||
| 003 | ES-MaACL | ||
| 005 | 20260131180517.0 | ||
| 008 | 220104s2018 sp 001 0 spa | ||
| 020 | _a978-84-948808-0-3 | ||
| 080 | _a616.89-053.2/.6 | ||
| 100 | 1 |
_aPedreira Massa, José Luis, _d1951- _9234995 |
|
| 245 | 1 | 0 |
_aEscritos políticos de un psiquiatra despistado / _cautor, José Luis Pedreira Massa ; [prólogo de Adriana Lastra ; epílogo de José Manuel Franco]. |
| 250 | _a1ª ed. | ||
| 260 |
_a[Madrid] : _bJosé Nicolás Ferrando Sandoval, _c2018. |
||
| 300 |
_a174 p. ; _c24 cm. |
||
| 504 | _aReferencias bibliográficas. | ||
| 505 | 8 | _aContiene: Parte general ; Elecciones y sus lecciones ; Política sanitaria aplicada ; Temas políticos emergentes | |
| 650 | 7 |
_aPsiquiatría _2embne _916586 |
|
| 651 | 4 |
_aEspaña- _xPolítica sanitaria _98440 |
|
| 700 | 1 |
_aLastra Fernández, Adriana, _d1979- _9173975 |
|
| 700 | 1 |
_aFranco Pardo, José Manuel, _d-1957 _9173976 |
|
| 852 | 4 |
_aES-MaACL _jN-7833 |
|
| 999 |
_c190574 _d190574 |
||